000 00834nam a2200253 i 4500
003 DO-SdBNP
005 20230531150448.0
007 ta
008 230531b1961 sp a|||| |||| 00| 0 spa d
040 _aDO-SdBNP
_bspa
_cBNPHU
_erda
082 4 _222
100 _913704
_aCasona, Alejandro,
_d1903-1965
_q(Alejandro Rodríguez Álvarez)
245 1 0 _aObras completa /
_cAlejandro Casona ; prólogo Federico Carlos Sainz de Robles
264 _aMadrid :
_bAguilar,
_c1961.
300 _avolumen :
_bilustraciones ;
_c19 cm.
336 _2rdacontent
_atexto
_btxt
337 _2rdamedia
_asin mediación
_bn
338 _2rdacarrier
_avolumen
_bnc
490 _aBiblioteca de autores modernos
590 _aInventariado, 2023/BT
700 1 _aSainz de Robles, Federico Carlos,
_eprólogo
_916670
910 _aBtavárez
942 _2ddc
_cLBS1
999 _c53666
_d53666